Flughafencodes #3 - Statistiken

Allgemein
  • Dieses Quiz wurde 65 mal gespielt
  • Das Durchschnittsergebnis liegt bei 12 aus 15
Antwortstatistiken
Hint Antwort % Korrekt
Atlanta ATL
98%
Berlin BER
98%
Bangkok BKK
98%
Frankfurt am Main FRA
98%
Nizza NCE
98%
Melbourne MEL
96%
Oslo OSL
96%
Phoenix PHX
96%
Hannover HAJ
93%
Antalya AYT
88%
Mumbai BOM
75%
Orlando MCO
49%
Shanghai PVG
47%
Osaka KIX
42%
Moskau SVO
40%
Keine übereinstimmenden Quizze gefunden
Verteilung der Resultate
Anzahl Personen mit jedem Resultat
Perzentil nach korrekt beantworteten Fragen
Ihre Resultats-Entwicklung
Sie haben dieses Quiz noch nicht gespielt